LIBRARY & INFORMATION CENTRE, KCAET, TAVANUR

ONLINE PUBLIC ACCESS CATALOGUE (OPAC)

Normal view MARC view
  • Travelogue

Entry Topical Term

Number of records used in: 4

001 - CONTROL NUMBER

  • control field: 4788

003 - CONTROL NUMBER IDENTIFIER

  • control field: OSt

005 - DATE AND TIME OF LATEST TRANSACTION

  • control field: 20201014135123.0

008 - FIXED-LENGTH DATA ELEMENTS

  • fixed length control field: 201014|| aca||aabn | a|a d

040 ## - CATALOGING SOURCE

  • Original cataloging agency: OSt
  • Transcribing agency: OSt

150 ## - HEADING--TOPICAL TERM

  • Topical term or geographic name as entry element: Travelogue

670 ## - SOURCE DATA FOUND

  • Source citation: Work cat.: (OSt)528: Gray 4787, Applied Electronics, 1967.
free website counter